• 首页
  • 本馆介绍
  • 公告通知
  • 最新文献
  • 馆藏检索
  • 电子资源
  • 读者导购
  • 参考咨询
  • 我的图书馆
  • 登录
  • 详细信息显示
  • 放入我的书架
  • 预约/预借图书
  • 作者相关作品
  • 分类相关作品
  • 丛书相关作品
  • 出版社相关作品

书目信息

  • 表格格式
  • 工作单格式
  • 卡片格式
题名:
植物生长调节剂应用技术
    
 
作者: 郑先福 著
分册:  
出版信息: 北京   中国农业大学出版社  2009
页数: 208页
开本: 26cm
丛书名:
单 册:
中图分类: S482.8
科图分类:
主题词: 植物生长调节剂--应用 , 植物生长调节剂
电子资源:
ISBN: 978-7-81117-856-2
000 00871nam0 2200253 45
001 1050991562
005 20100420093812.23
010    @a978-7-81117-856-2@dCNY22.00
100    @a20100409d2009 em y0chiy50 ea
101 0  @achi
102    @aCN@b110000
105    @ay z 000yy
106    @ar
200 1  @a植物生长调节剂应用技术@AZhi Wu Sheng Zhang Tiao Jie Ji Ying Yong Ji Shu@dApplied Technology of Plant Regulator@f郑先福著@FZheng Xian Fu Zhu@zeng
210    @a北京@c中国农业大学出版社@d2009
215    @a208页@d26cm
330    @a本书内容包括:不同植物生长调节剂应用技术、农作物应用植物生长调节剂技术。
510 1  @aApplied Technology of Plant Regulator@zeng
606 0  @a植物生长调节剂@x应用
606 0  @a植物生长调节剂
690    @aS482.8@v4
701  0 @a郑先福@AZheng Xian Fu@4著
801  0 @aCN@bTANGWEI@c20100420
905    @b0592433-36@dS482.8@e69@f4
    
    植物生长调节剂应用技术=Applied Technology of Plant Regulator/郑先福著.-北京:中国农业大学出版社,2009
    208页;26cm
    
    
    ISBN 978-7-81117-856-2:CNY22.00
    本书内容包括:不同植物生长调节剂应用技术、农作物应用植物生长调节剂技术。
●
相关链接 在E读中查询图书 在五车中查询图书 在当当中查询图书 在豆瓣中查询图书


正题名:植物生长调节剂应用技术     索取号:S482.8/69         预约/预借

序号 登录号 条形码 馆藏地/架位号 状态 备注
1 0592433   205924339   第二样本阅览室/ [索取号:S482.8/69] 在馆    
2 0592434   205924348   第三借阅区/ [索取号:S482.8/69] 在馆    
3 0592435   205924357   第三借阅区/ [索取号:S482.8/69] 在馆    
4 0592436   205924366   第三借阅区/ [索取号:S482.8/69] 在馆    
唐山师范学院图书馆 欢迎您!
大连网信软件有限公司© 版权所有